Statistics for boygenius - Without You Without Them (Lyrics)

Click here to take the quiz!

General Stats

  • This quiz has been taken 121 times
  • The average score is 99 of 104

Answer Stats

Answer% Correct
be
100%
I
100%
to
100%
you
100%
you,
100%
me
99%
the
99%
them?
99%
without
99%
your
99%
my
98%
Who
98%
would
98%
His
97%
Speak
97%
Until
97%
a
96%
And
96%
before
96%
Talk
96%
can
95%
father
95%
mother
95%
no
95%
everything
94%
give
94%
Give
94%
of
94%
story
94%
hear
93%
him
93%
I'll
93%
it
93%
want
93%
part
92%
what
92%
got
91%
history's
91%
mystery
91%
take
91%
you've
91%
dry,
88%
eye
88%
get
88%
words
88%
see
87%
I've
85%
we'll
85%
run
82%
Thank
81%
Please,
78%

Score Distribution

Percentile by Number Answered

Percent of People with Each Score

Your Score History

You have not taken this quiz